| 000 | 00345nam a2200133Ia 4500 | ||
|---|---|---|---|
| 008 | 240624s9999 xx 000 0 und d | ||
| 041 | _aeng | ||
| 082 | _a658.5 SHI | ||
| 100 | _aSHINGO SHIGEO | ||
| 245 | _aREVOLUTION IN MANUFACTURING THE SMED SYS | ||
| 260 |
_c2019 _aNew Delhi _bCRC Press |
||
| 300 | _axxii, 361 p.; 23 cm. | ||
| 365 |
_cRS _b35 |
||
| 999 |
_c31748 _d31748 |
||